000 01162aam a2200313 i 4500
001 768714001
003 CO-MdFUSB
005 20230222142507.0
007 ta
008 230222t1989 -us |||| |||| 00| 0 eng d
020 _a0800613414
040 _bspa.
_aCO-MdFUSB
_cCO-MdFUSB
_dCO-MdFUSBC
_erda
041 _aeng
082 0 4 _a230.09
_223
_bL8339s
100 1 _aLohse, Bernhard (1928-)
_eautor
245 1 0 _aA short history of christian doctrine
_c/ Bernhard Lohse
264 1 _aPhiladelphia :
_bFortress Press,
_c[1989]
264 4 _c© 1989
300 _a304 páginas
_c; 22 cm
336 _atexto
_btxt
_2rdacontent
337 _2rdamedia
_asin mediación
_bn
338 _2rdacarrier
_avolumen
_bnc
505 _aIntroducción: el dogma y la historia del dogma. -- Canon y credo. -- La doctrina de la Trinidad. -- Cristología. -- La doctrina del pecado y la gracia. -- Palabra y sacramento. -- Justificación. -- Dogma dentro del catolicismo reciente. -- Dogma dentro del protestantismo. -- La unidad de la iglesia
563 _aRústico
650 7 _9179
_aTeología doctrinal
942 _cBK
945 _aJTF-925
999 _c42876
_d42876